000 00603nam a2200229 a 4500
001 9169
003 CO-ViMGA
008 141112s2004 ck r 000 u spa d
040 _aCO-ViMGA
_bspa
_cCO-ViMGA
082 0 4 _a005.4 K92
100 1 _aKretschmer ; Bernal,
_99631
245 1 0 _aEl gran libro de windows Nt4.
260 _aMexico :
_bAlfaomega,
_c1998
300 _a530p. : il
650 1 4 _aADMINISTRACION DE ARCHIVO
_99632
650 1 4 _aCOMPUTACION
_99633
650 1 4 _aDOS
650 1 4 _aINSTALACION DE WINDOWS
_99634
650 1 4 _aWINDOWS
650 1 4 _aWINDOWS NT
_954329
942 _2ddc
_cBK
999 _c20710
_d20710